Filmy ze zwierzętami w tytule #1 - Statystyki

Ogólne statystyki
  • Ten quiz został rozwiązany 2 431 razy
  • Średni wynik to 11 z 24
Statystyki odpowiedzi
Filmy % Poprawnych
Alvin i {Wiewiórki}
95%
101 {dalmatyńczyków}
93%
Planeta {małp}
87%
Różowa {Pantera}
87%
Milczenie {owiec}
80%
Efekt {motyla}
78%
Lot nad {kukułczym} gniazdem
74%
Wszystkie {psy} idą do nieba
73%
Tańczący z {wilkami}
67%
{Krokodyl} Dundee
52%
{Węże} w samolocie
38%
Zaklinacz {koni}
32%
Wściekły {Byk}
29%
Raport {Pelikana}
28%
{Rybka} zwana Wandą
28%
G.I. Joe: Czas {Kobry}
23%
Tylko dla {orłów}
23%
{Ptaszek} na uwięzi
20%
{Rekin}ado
20%
Wielki {mysi} detektyw
18%
Marsz {pingwinów}
16%
Potężne {Kaczory}
10%
Polowanie na {króliki}
4%
Straszne {misie}
4%
Nie znaleziono quizów pasujących do podanych kryteriów
Rozkład punktacji
Procent ludzi z każdym wynikiem
Percentyl według liczby udzielonych odpowiedzi
Twoja historia wyników
Nie rozwiązałeś tego quizu